• 首页
  • 本馆介绍
  • 公告通知
  • 最新文献
  • 馆藏检索
  • 电子资源
  • 读者导购
  • 参考咨询
  • 我的图书馆
  • 登录
  • 详细信息显示
  • 放入我的书架
  • 预约/预借图书
  • 作者相关作品
  • 分类相关作品
  • 丛书相关作品
  • 出版社相关作品

书目信息

  • 表格格式
  • 工作单格式
  • 卡片格式
题名:
农业生物工程
    
 
作者: 莽克强 ;陈受宜 李季伦
分册:  
出版信息: 北京   北京化学工业出版社  1998
页数: 258
开本: 26cm
丛书名:
单 册:
中图分类: S188
科图分类:
主题词: 农业科学:生物学
电子资源:
ISBN: 7-5025-2293-X
000 00612nam0 2200193 450
001 0741144344
005 20070817112544.34
010    @a7-5025-2293-X@d¥30.00
100    @a20070817d km y0chiy0120 ea
101 0  @achi
200 1  @a农业生物工程@Anong ye sheng wu gong cheng@f莽克强@Fmang ke qiang@g陈受宜 李季伦 等@Gchen shou yi li ji lun deng
210    @a北京@c北京化学工业出版社@d1998
215    @a258@d26cm
606 0  @a农业科学:生物学
690    @aS188@v3
701  0 @a莽克强@Amang ke qiang
702  0 @a陈受宜 李季伦@Achen shou yi li ji lun
801  0 @aCN@bPFT@c20070817
905    @a213230@dS188@en2@f1
    
    农业生物工程/莽克强/陈受宜 李季伦 等.-北京:北京化学工业出版社,1998
    258;26cm
    
    
    ISBN 7-5025-2293-X:¥30.00
    
●
相关链接 在E读中查询图书 在五车中查询图书 在当当中查询图书 在豆瓣中查询图书


正题名:农业生物工程     索取号:S188/n2         预约/预借

序号 登录号 条形码 馆藏地/架位号 状态 备注
1 6600600   266006001   密集书库-生命科学系/ [索取号:S188/n2] 在馆    
2 6601488   266014886   密集书库-生命科学系/ [索取号:S188/n2] 在馆    
欢迎您!
大连网信软件有限公司© 版权所有